00297nam a2200121Ia 4500008004100000082001700041100001800058245004500076250000800121260003000129300000800159650000800167191201s2019 xx 000 0 und d a005.133bSAD aSalaria, R.S. 0aData structure and algorithms using C... a4th aN.DelhibKhanna Publisher a522 aMCA